[Event "ESP-ch U16 Rapid"]
[Site "Salobrena"]
[Date "2022.07.30"]
[Round "3"]
[White "Dominguez Exposito, Ibon"]
[Black "Munoz Valles, Jorge"]
[Result "1/2-1/2"]
[WhiteElo "1685"]
[BlackElo "1397"]
[PlyCount "94"]
[EventDate "2022.07.30"]
[EventType "swiss (rapid)"]
[EventRounds "9"]
[EventCountry "ESP"]
[SourceTitle "EXT 2023"]
[Source "ChessBase"]
[SourceDate "2022.10.05"]
[SourceVersion "1"]
[SourceVersionDate "2022.10.05"]
[SourceQuality "1"]

1. d4 Nf6 2. c4 g6 3. Nc3 Bg7 4. Bg5 h6 5. Bh4 d6 6. Nf3 0-0 7. e3 Nc6 8. Be2 e5 9. Qc2 exd4 10. exd4 Bf5 11. Qd2 Nb4 12. 0-0 Re8 13. a3 Nc6 14. b4 g5 15. Bg3 Ne4 16. Nxe4 Bxe4 17. Rad1 f5 18. d5 Bxf3 19. Bxf3 Ne7 20. Bh5 Rf8 21. f4 g4 22. h3 gxh3 23. gxh3 Bf6 24. Kh2 Kh7 25. Rg1 Rg8 26. Bf2 Qd7 27. Bf7 Rg7 28. Rxg7+ Bxg7 29. Bd4 Bxd4 30. Qxd4 Ng8 31. Be6 c5 32. bxc5 dxc5 33. Qxc5 Qg7 34. Bxf5+ Kh8 35. Qd4 Re8 36. Qxg7+ Kxg7 37. Be6 Ne7 38. f5 Kf6 39. c5 Rd8 40. Rg1 h5 41. d6 Nxf5 42. Bxf5 Kxf5 43. Rg7 b6 44. cxb6 axb6 45. d7 Kf6 46. Rh7 Kg6 47. Re7 Kf6 1/2-1/2